Indovina il segno zodiacale dalle caratteristiche - Statistics

Statistiche generali
  • Questo quiz è stato fatto 198 volte
  • Il punteggio medio è 4 su 8
Statistiche sulle risposte
Domanda Risposta % Corretto
E' razionale ma molto sensibile, ama l'ordine e l'affidabilità ed osserva tutto. Ha una memoria incredibile. Vergine
67%
Ha un forte senso della giustizia, odia le liti, non rinuncia a dire la sua e ha grande gusto estetico Bilancia
61%
Energico, impulsivo, competitivo, odia aspettare e preferisce agire piuttosto che parlare. Diretto e trascinante. Ariete
59%
Ha mille interessi, parla tanto, è curioso e si annoia facilmente. Brillante in compagnia ma tende a cambiare idea spesso. Gemelli
59%
Ha un carattere riservato e disciplinato. Ambizioso e mai superficiale, lavora sodo per ottenere ciò che vuole. Sembra freddo ma dietro la corazza c'è una profonda lealtà e senso del dovere Capricorno
56%
Vive le emozioni in modo estremo. O tutto o niente. E' geloso ma molto leale, ha un ego che vuole essere riconosciuto. Scorpione
54%
Apparentemente freddo, molto idealista, vive nel suo mondo di pensieri profondi ed ama ciò che è fuori dal comune. Acquario
45%
Concreto, pratico e tenace, non ama i cambiamenti improvvisi. Preferisce la sicurezza alla sorpresa ed ama i piaceri semplici. Toro
41%
Nessun quiz corrispondente trovato
Distribuzione punteggi
Percentuale di utenti per punteggio
Percentile per numero di risposta
I tuoi punteggi nel tempo
Non hai fatto questo quiz